000 01034cas a22003257a 4500
005 20220329142031.0
008 990323d1926 us mr pernn 0 0b1eng d
010 _a77354
011 _a78326
022 0 _a0002-8681
035 _a88231
245 0 0 _aAmerican Hampshire Herdsman
260 0 _aPeoria, Ill. :
_bHampshire Swine Registry,
_c1926-
300 _av. :
_bilus.
310 _aMensual
362 1 _av.48 n.3, 1973.
500 _aSe dejó de recibir a partir del v.48 n.3,1973.
590 _aBATCH-UPD
_b10
_c20130110
_lUCH01
_h0345
590 _aBATCH-UPD
_b10
_c20130410
_lUCH01
_h0019
590 _aBATCH-UPD
_b10
_c20130914
_lUCH01
_h1523
590 _aCONVERSION
_b10
_c20130109
_lUCH01
_h1343
650 1 4 _aGanado porcino
_xPublicaciones periódicas.
_945400
866 _av.21 n.11-12 (1946)
866 _av.22 n.1-7,9,11-12 (1947)
866 _av.46 n.3,7,10 (1971)
866 _av.47 n.7,9-12 (1972)
866 _av.48 n.1-3 (1973)
901 _aSE
905 _aLilia Sánchez G.
999 _c77354
_d77354